| 000 | 01281cam a22003737a 4500 | ||
|---|---|---|---|
| 003 | CHAP | ||
| 005 | 20220817041551.0 | ||
| 008 | 971013s1971 r 00010 d | ||
| 010 | _a18286 | ||
| 011 | _a19258 | ||
| 035 | _a23343 | ||
| 040 | _cCHAP | ||
| 082 |
_a634.772 _bC45 1971 |
||
| 110 |
_aCentre for Overseas Pest Research. London _921034 |
||
| 245 | 0 | _aPest control in bananas | |
| 250 | _aNew ed. | ||
| 260 |
_aLondon : _bCentre for Overseas Pest Research, _c1971 |
||
| 300 |
_a128 p. _b: ilus. |
||
| 490 | 0 |
_aPANS manual _v; 1 |
|
| 590 |
_aBATCH-UPD _b10 _c20130110 _lUCH01 _h1730 |
||
| 590 |
_aBATCH-UPD _b10 _c20130410 _lUCH01 _h1111 |
||
| 590 |
_aBATCH-UPD _b10 _c20130914 _lUCH01 _h1857 |
||
| 590 |
_aCONVERSION _b10 _c20130109 _lUCH01 _h1311 |
||
| 650 | 1 | 4 |
_aPlátano _xEnfermedades. _989231 |
| 650 | 1 | 4 |
_aPlátano _xMalas hierbas _xControl. _989250 |
| 650 | 1 | 4 |
_aPlátano _xPlagas. _989258 |
| 700 | 0 |
_aFeakin, Susan D. _eed. _939894 |
|
| 830 | 0 |
_aPANS manual _v; 1 |
|
| 901 | _aBK | ||
| 942 | _cLIBRO | ||
| 949 |
_a634.772 C45 1971 _bBC _cLIBRO _d33724000206447 _eLIBRO _fc.2 _h16564 _i23343 _mD _si |
||
| 949 |
_a634.772 C45 1971 _bBC _cLIBRO _d33724000206454 _eLIBRO _fc.3 _h19256 _i23343 _si |
||
| 949 |
_a634.772 C45 1971 _bBC _cLIBRO _d33724002021421 _eLIBRO _h15533 _i23343 _mD _si |
||
| 999 |
_c18286 _d18286 |
||